|
|
|
|
| LEADER |
01498nam a22003974a 4500 |
| 001 |
EBC296086 |
| 003 |
MiAaPQ |
| 005 |
20200520144314.0 |
| 006 |
m o d | |
| 007 |
cr cn||||||||| |
| 008 |
051129s2006 njua sb 001 0 eng |
| 010 |
|
|
|z 2005058115
|
| 020 |
|
|
|z 9812564659
|
| 035 |
|
|
|a (MiAaPQ)EBC296086
|
| 035 |
|
|
|a (Au-PeEL)EBL296086
|
| 035 |
|
|
|a (CaPaEBR)ebr10174086
|
| 035 |
|
|
|a (CaONFJC)MIL137290
|
| 035 |
|
|
|a (OCoLC)437181943
|
| 040 |
|
|
|a MiAaPQ
|c MiAaPQ
|d MiAaPQ
|
| 043 |
|
|
|a a-cc---
|
| 050 |
|
4 |
|a HC427.95
|b .D88 2006
|
| 082 |
0 |
4 |
|a 330.951
|2 22
|
| 100 |
1 |
|
|a Dutta, Manoranjan.
|
| 245 |
1 |
0 |
|a China's industrial revolution and economic presence
|h [electronic resource] /
|c M. Dutta.
|
| 260 |
|
|
|a New Jersey :
|b World Scientific Publishing,
|c c2006.
|
| 300 |
|
|
|a xxxiii, 288 p. :
|b ill.
|
| 490 |
1 |
|
|a Advanced research in Asian economic studies,
|x 1793-0944 ;
|v v. 2
|
| 504 |
|
|
|a Includes bibliographical references (p. 273-279) and index.
|
| 533 |
|
|
|a Electronic reproduction. Ann Arbor, MI : ProQuest, 2015. Available via World Wide Web. Access may be limited to ProQuest affiliated libraries.
|
| 650 |
|
0 |
|a Industrialization
|z China.
|
| 651 |
|
0 |
|a China
|x Economic policy.
|
| 651 |
|
0 |
|a China
|x Foreign economic relations.
|
| 655 |
|
4 |
|a Electronic books.
|
| 710 |
2 |
|
|a ProQuest (Firm)
|
| 830 |
|
0 |
|a Advanced research in Asian economic studies ;
|v v. 2.
|
| 856 |
4 |
0 |
|u https://ebookcentral.proquest.com/lib/matrademy/detail.action?docID=296086
|z Click to View
|